000 00641cas a22002055a 4500
001 ##L134045
008 070621d19531969at qr p 0 a0eng u
035 _a(Sirsi) u134045
041 0 _aeng
110 2 _aAustralian Institute of Quantity Surveyors
_92261
240 1 4 _aThe Journal of the Australian Institute of Quantity Surveyors
245 0 4 _aThe Quantity Surveyor
260 _aDeakin
_bAustralian Institute of Quantity Surveyors
_c1953-1969
362 _a7(2) June 1960-16(1) March 1969
554 _aFour per year
651 4 _aAustralia
690 _aQuantity surveying
_96263
785 0 0 _tBuilding Economist
942 _n0
999 _c118862
_d118862